000 01186cam a2200337 i 4500
001 42422
003 Mx-PuUPA
005 20250715151132.0
008 140415s2021 mx gr 001 0 spa d
020 _a9786074178210
040 _cMx-PuUPA
_aMx-PuUPA
_bspa
_dMx-PuUPA
_erda
041 0 _aspa
100 1 _aSols Lucia, José,
_93653
_eautor
_dautor
245 1 0 _aCuando la fe interpreta y transforma :
_bhermenéutica teológica /
_cJosé Sols Lucia
250 _aPrimera edición
264 1 _aCiudad de México :
_bUniversidad Iberoamericana Ciudad de México,
_c2021
300 _a92 páginas ;
_c21 cm
336 _2rdacontent
_atexto
_btxt
337 _2rdamedia
_asin medio
_bn
338 _2rdacarrier
_avolumen
_bnc
490 0 _aCuadernos de teología
490 0 _aTeología sistemática y fundamental
600 1 4 _aEllacuria, Ignacio
_d1930-1989
650 7 _2armarc
_aHermenéutica
_xAspectos religiosos
_xCristianismo
650 7 _2armarc
_aTeología filosófica
650 7 _2armarc
_aCristianismo
_xEsencia y genio
942 _2ddc
_cLI
_h230
_iS68
999 _c42422
_d42422